000 00619cam a22001697a 4500
008 180718b1997 xxu||||| |||| 00| 0 eng d
082 _aAPPPA 96-97 RAM
100 _aRamani, R.
245 _aRole of the central staffing scheme in maintaining the all India character of the Indian administrative service
_cby R. Ramani
260 _aNew Delhi
_bIndian Institute of Public Administration
_c1997
300 _a155p.
500 _aAn APPPA M.Phil. dissertation, 1996-97
650 _aAPPPA
650 _aAdministrative responsibility - India
650 _aCivil service - Recruiting
650 _aCivil service - India
999 _c482115
_d482115